Guidance on unfair terms in tenancy agreements (Record no. 104630)
[ view plain ]
| 000 -LEADER | |
|---|---|
| fixed length control field | 01541cam a2200181 4500 |
| 001 - CONTROL NUMBER | |
| control field | L131077 |
| 008 - FIXED-LENGTH DATA ELEMENTS--GENERAL INFORMATION | |
| fixed length control field | 050926n2005 000 0 eng u |
| 035 ## - SYSTEM CONTROL NUMBER | |
| System control number | (Sirsi) u131077 |
| 041 0# - LANGUAGE CODE | |
| Language code of text/sound track or separate title | eng |
| 110 1# - MAIN ENTRY--CORPORATE NAME | |
| Corporate name or jurisdiction name as entry element | United Kingdom |
| Subordinate unit | Office of Fair Trading |
| 9 (RLIN) | 4767 |
| 245 ## - TITLE STATEMENT | |
| Title | Guidance on unfair terms in tenancy agreements |
| 260 ## - PUBLICATION, DISTRIBUTION, ETC. | |
| Place of publication, distribution, etc. | London |
| Name of publisher, distributor, etc. | OFT |
| Date of publication, distribution, etc. | 2005 |
| 520 ## - SUMMARY, ETC. | |
| Summary, etc. | This revised version of the OFT's 2001 guidance on how the Unfair Terms in Consumer Contracts Regulations 1999 apply to tenancy contracts is updated to reflect enforcement action taken by the OFT, court judgments and recent experience in dealing with tenancy contract complaint. The guidance outlines why some standard contract terms used in standard tenancy contracts are considered to be potentially unfair and includes examples of such terms and possible ways of revising them. It also refers to tenancy agreements used by public sector and social housing providers including local authorities, following court rulings that the1999 regulations apply to these providers. A consumer leaflet "Unfair tenancy terms - don't get caught out" giving a brief overview of the OFT's views on unfair terms in tenancy agreements has also been published. |
| 590 ## - LOCAL NOTE (RLIN) | |
| Local note | IKA270905 |
| 690 ## - LOCAL SUBJECT ADDED ENTRY--TOPICAL TERM (OCLC, RLIN) | |
| Topical term or geographic name as entry element | PROPERTY-RESIDENTIAL PROPERTY-LEASEHOLD RESIDENTIAL PROPERTY-RESIDENTIAL LANDLORD AND TENANT-TENANCY AGREEMENTS |
| 856 ## - ELECTRONIC LOCATION AND ACCESS | |
| Uniform Resource Identifier | <a href="https://www.oft.gov.uk/shared_oft/reports/unfair_contract_terms/oft356.pdf">https://www.oft.gov.uk/shared_oft/reports/unfair_contract_terms/oft356.pdf</a> |
| Public note | View the revised guidance and the consumer leaflet free at www.oft.gov.uk... |
| 942 ## - ADDED ENTRY ELEMENTS (KOHA) | |
| Suppress in OPAC | 0 |
| Withdrawn status | Lost status | Source of classification or shelving scheme | Damaged status | Not for loan | Home library | Current library | Shelving location | Date acquired | Total Checkouts | Full call number | Barcode | Date last seen | Copy number | Price effective from | Koha item type |
|---|---|---|---|---|---|---|---|---|---|---|---|---|---|---|---|
| Dewey Decimal Classification | Virtual | Virtual | Online | 26/09/2005 | ONLINE PUBLICATION | 131077-2001 | 06/08/2019 | 1 | 06/08/2019 | Book |